Music Quiz

Random Music or Lyrics Quiz

70s Lyrics - Hits of '73 Quiz Stats

 Plays Quiz not verified by Sporcle

Support Sporcle.
Go Orange.
Score 0/47 Timer 14:00
0 Plays Today
Artist Song Title % Correct
Carly SimonYou're So Vain
93.3%
Elton JohnCrocodile Rock
91.4%
Jim CroceBad, Bad Leroy Brown
89.8%
Stealers WheelStuck in the Middle
89.8%
Roberta FlackKilling Me Softly with His Song
89.1%
Dobie GrayDrift Away
82.7%
Tony Orlando and DawnTie a Yellow Ribbon Round the Ole Oak Tree
80.5%
Gladys Knight & the PipsMidnight Train to Georgia
80.2%
The TemptationsPapa Was a Rollin' Stone
78.3%
Stevie WonderSuperstition
78%
The Allman BrothersRamblin' Man
78%
Steely DanReelin' In the Years
77%
David BowieSpace Oddity
76.7%
The Rolling StonesAngie
74.8%
Deep PurpleSmoke on the Water
73.8%
Elton JohnDaniel
73.8%
Grand Funk RailroadWe're an American Band
73.5%
CherHalf-Breed
72.8%
Paul SimonLoves Me Like a Rock
72.5%
The O'JaysLove Train
71.2%
Pink FloydMoney
70.6%
Wings & Paul McCartney Live and Let Die
70.3%
The CarpentersSing
70.3%
Billy PaulMe and Mrs. Jones
70%
Artist Song Title % Correct
Vicki LawrenceThe Night the Lights Went Out in Georgia
69.6%
Marvin GayeLet's Get It On
66.8%
Albert HammondIt Never Rains in Southern California
65.2%
King HarvestDancing in the Moonlight
64.5%
Paul SimonKodachrome
64.2%
Bette MidlerBoogie Woogie Bugle Boy
63.6%
Charlie RichBehind Closed Doors
63.3%
Edgar Winter GroupFree Ride
61.7%
Loggins & MessinaYour Mama Don't Dance
58.1%
Anne MurrayDanny's Song
56.5%
Wings & Paul McCartneyMy Love
56.5%
Steely DanDo It Again
55.9%
Dr. Hook & The Medicine ShowThe Cover of the Rolling Stone
55.6%
The Doobie BrothersLong Train Runnin'
55.6%
Billy PrestonWill It Go Round in Circles
50.5%
StoriesBrother Louie
49.2%
Dr. JohnRight Place Wrong Time
47%
Stevie WonderHigher Ground
45.7%
WarThe Cisco Kid
42.5%
Clint HolmesPlayground In My Mind
42.2%
John FogertyJambalaya (On the Bayou)
40.6%
The Isley BrothersThat Lady
28.1%
Johnny RiversRockin' Pneumonia - Boogie Woogie Flu
26.5%

You're not logged in!

Compare scores with friends on all Sporcle quizzes.
OR
Log In

From the Vault

Disney Movie Quotes

by tgov2217

We can bet you've seen these movies multiple times, so messing up is not an option.
Remove Ads.
Support Sporcle.
Get the best of Sporcle when you Go Orange. This ad-free experience offers more features, more stats, and more fun while also helping to support Sporcle. Thank you for becoming a member.

Show Comments

Extras

Top Quizzes Today


Score Distribution

Your Account Isn't Verified!

In order to create a playlist on Sporcle, you need to verify the email address you used during registration. Go to your Sporcle Settings to finish the process.

Report this User

Report this user for behavior that violates our Community Guidelines.

Details: